[Event "26th Abu Dhabi Master 2019"]
[Site "Abu Dhabi"]
[Date "2019.08.05"]
[Round "5.20"]
[White "Socko, Monika"]
[Black "Antipov, Mikhail Al."]
[Result "0-1"]
[WhiteElo "2443"]
[BlackElo "2582"]
[Annotator "TA"]
[PlyCount "92"]
[EventDate "2019.08.02"]
[EventType "swiss"]
[EventCountry "UAE"]
[SourceTitle "playchess.com"]
[Source "ChessBase"]
[SourceQuality "1"]

{[%evp 22,92,0,0,-2,0,6,-19,-20,-25,-25,-38,-29,-57,-59,-68,-34,-52,0,-2,0,0,0,0,37,-36,-38,-69,-71,-396,-397,-410,-412,-389,-389,-402,-381,-526,-518,-533,-262,-533,-520,-521,-533,-533,-533,-533,-533,-533,-533,-515,-521,-508,-506,-2112,-1835,-5202,-5202,-5202,-5202,-5202,-5202,-5202,-2207,-29981,-29982,-29982,-29983,-29983,-29984,-29983,-29984]} 1. e4 c5 2. Nf3 Nc6 3. Bb5 g6 4. Bxc6 dxc6 5. d3 Bg7 6. h3 Nf6 7. Nc3 O-O 8. Be3 b6 9. Qd2 e5 10. Bh6 Qd6 11. O-O-O b5 12. g4 a5 {B31: Sicilian: 2...Nc6 3 Bb5 g6} 13. Bxg7 (13. Rdg1 a4 14. Ne2 b4 15. Bxg7 Kxg7 16. Ng3 b3 17. a3 bxc2 18. Qc3 Nd7 19. Nd2 Ba6 20. Kxc2 {0-1 (31) Brodsky,M (2528)-Shirov,A (2736) Tallinn 2004}) 13... Kxg7 14. Qg5 Re8 {[#] The position is equal.} 15. Ne2 $146 ({Predecessor:} 15. Qe3 a4 16. Ne2 Qe6 17. g5 Nd7 18. Kb1 c4 19. Nd2 cxd3 20. cxd3 {0-1 (42) Olofsson,D (2530)-Savchur,F (2506) ICCF email 2006}) 15... a4 16. Nh4 b4 17. Ng3 Kh8 18. Rhf1 Ng8 19. Nf3 h6 20. Qe3 Be6 21. Kb1 $1 Red8 22. Ne2 Kg7 23. Nc1 ({Better is} 23. Nd2 $14) 23... Ne7 24. Nd2 g5 25. Nc4 $2 {[%mdl 8192]} (25. Ne2 $17 {is more resistant.}) 25... Bxc4 $1 $19 26. dxc4 Qxd1 27. Rxd1 Rxd1 28. a3 ({Weaker is} 28. Qxc5 Ng6 $19) 28... Ng6 29. Qxc5 b3 (29... bxa3 $2 30. Qxa3 Rad8 31. Qe3 $19) 30. cxb3 Nf4 (30... axb3 $142 {Strongly threatening ...Rad8.} 31. Qe3 Nf4 32. Qxb3 Rad8) 31. Qe3 $2 ({Wrong is} 31. Qxc6 $2 axb3 $1 {[%mdl 512]} 32. Qb6 (32. Qxa8 $2 {is a self mate.} Nd3 33. Qg8+ Kxg8 34. f3 Rxc1#) 32... Nd3 $19) (31. Qxe5+ {was worth a try.} Kg8 32. bxa4 Rxc1+ {[%mdl 64] Double Attack} 33. Ka2) 31... axb3 32. Qxb3 Rad8 33. Kc2 {[#]} R8d2+ $1 34. Kc3 {[#]} Rd3+ $1 {[%mdl 512]} 35. Nxd3 Rxd3+ {[%mdl 64] Double Attack} 36. Kc2 {Hoping for Qb6.} Rxb3 37. Kxb3 {intending a4.} Nxh3 {[%mdl 4096] Endgame KN-KP} 38. a4 (38. f3 $142 Ng1 39. Kc2) 38... Nxf2 {[%mdl 64] Double Attack} 39. a5 Nxe4 40. Kb4 Nd6 41. a6 Nc8 42. Kc5 e4 43. Kxc6 e3 {Black mates.} 44. Kb7 e2 45. Kxc8 e1=Q 46. a7 {[#]} Qa1 $1 {Accuracy: White = 39%, Black = 73%.} 0-1

[Event "26th Abu Dhabi Master 2019"]
[Site "Abu Dhabi"]
[Date "2019.08.05"]
[Round "5.21"]
[White "Aditya Mittal"]
[Black "Bai, Jinshi"]
[Result "1/2-1/2"]
[WhiteElo "2429"]
[BlackElo "2606"]
[Annotator "TA"]
[PlyCount "43"]
[EventDate "2019.08.02"]
[EventType "swiss"]
[EventCountry "UAE"]
[SourceTitle "playchess.com"]
[Source "ChessBase"]
[SourceQuality "1"]

{[%evp 17,43,21,15,6,19,13,16,8,14,0,0,0,26,12,19,30,38,9,7,7,10,7,7,15,10,37,35,9]} 1. d4 Nf6 2. c4 g6 3. Nc3 d5 4. cxd5 Nxd5 5. e4 Nxc3 6. bxc3 c5 7. Nf3 Bg7 8. Be3 Bg4 9. Rc1 O-O 10. Be2 {D85: Exchange Grünfeld: Unusual White 7th moves and lines with 7 Nf3} Qa5 11. O-O Qxa2 12. Ra1 {The position is equal.} Qb2 13. h3 $146 ({Predecessor:} 13. Qd3 Qb6 14. Rfb1 Qc7 15. Qc4 b6 16. h3 Bd7 17. dxc5 bxc5 18. Qxc5 Qxc5 19. Bxc5 {½-½ (37) Le,Q (2714)-Vachier Lagrave,M (2780) Caleta 2019}) 13... Bxf3 $1 14. Bxf3 Nc6 15. d5 Ne5 16. Be2 $1 b6 17. Rb1 (17. Rc1 $5 {[%cal Rf2f4]}) 17... Qxc3 18. Qa4 $1 c4 19. Rfc1 Qa5 20. Qxa5 bxa5 21. f4 Bh6 22. Rc3 1/2-1/2

[Event "26th Abu Dhabi Master 2019"]
[Site "Abu Dhabi"]
[Date "2019.08.05"]
[Round "5.22"]
[White "Agmanov, Zhandos"]
[Black "Can, Emre"]
[Result "0-1"]
[WhiteElo "2402"]
[BlackElo "2595"]
[Annotator "TA"]
[PlyCount "60"]
[EventDate "2019.08.02"]
[EventType "swiss"]
[EventCountry "UAE"]
[SourceTitle "playchess.com"]
[Source "ChessBase"]
[SourceQuality "1"]

{[%evp 9,60,0,0,0,0,0,11,10,12,22,13,-9,-16,-21,-21,-14,-12,-54,-54,-56,-55,-48,-52,-50,-45,-40,-37,-41,-45,-53,-44,-57,-50,-60,-63,-91,-71,-91,-82,-77,-87,-94,-38,-260,-254,-262,-252,-474,-477,-501,-518,-620,-616]} 1. e4 c5 2. Nf3 d6 3. Bb5+ Nd7 4. Ba4 (4. O-O a6 5. Bd3 Ngf6 6. Re1 e6 7. a4 b6 8. c3 Bb7 9. Qe2 Qc7 10. Na3 Be7 11. Bb1 e5 12. d4 cxd4 13. cxd4 exd4 14. Nxd4 {½-½ (42) Jakovenko,D (2719)-Ding,L (2809) Shenzhen 2019}) 4... Ngf6 5. O-O a6 {[#] Strongly threatening ...b5.} 6. c4 {B51: Sicilian: Moscow Variation (3 Bb5+) without 3...Bd7} e6 7. Nc3 Be7 8. d4 {The position is equal.} cxd4 9. Qxd4 O-O 10. Bxd7 Bxd7 11. e5 $146 ({Predecessor:} 11. a4 Bc6 12. Bg5 h6 13. Bh4 g5 {1-0 (41) Van Foreest,L (2356)-Deepan Chakkravarthy,J (2485) Basel 2017}) 11... dxe5 12. Nxe5 Be8 13. Be3 Qc7 {Hoping for ...Rd8.} 14. f4 Rd8 15. Qb6 Qc8 16. Rad1 Nd7 17. Nxd7 Bxd7 18. b3 Bc6 19. Bc5 Rxd1 20. Rxd1 Bd8 $1 {[%cal Rd8b6]} 21. Qb4 Re8 22. Bd6 b6 23. Qa3 Bb7 24. Qb2 Bf6 25. Be5 Be7 (25... Bxe5 $17 26. fxe5 {[#]} b5 $1 {[%mdl 512]}) 26. Na4 $2 (26. Qf2 $15) 26... b5 $19 27. cxb5 axb5 28. Rc1 $2 (28. Nc3) 28... Qd8 {Black is clearly winning.} 29. Nc3 Qb6+ (29... f6 $2 30. Rd1 $19) 30. Kh1 f6 {Accuracy: White = 44%, Black = 88%.} 0-1

[Event "26th Abu Dhabi Master 2019"]
[Site "Abu Dhabi"]
[Date "2019.08.05"]
[Round "5.23"]
[White "Idani, Pouya"]
[Black "Suleymanli, Aydin"]
[Result "1-0"]
[WhiteElo "2595"]
[BlackElo "2416"]
[Annotator "TA"]
[PlyCount "193"]
[EventDate "2019.08.02"]
[EventType "swiss"]
[EventCountry "UAE"]
[SourceTitle "playchess.com"]
[Source "ChessBase"]
[SourceQuality "1"]

{[%evp 9,193,18,21,15,8,0,48,42,56,32,35,17,25,37,35,36,41,43,41,16,28,3,25,0,0,0,0,0,0,0,0,0,7,4,8,6,169,169,168,158,169,162,175,176,176,175,160,178,177,0,0,0,0,0,0,0,0,0,10,0,0,0,2,0,0,0,0,0,35,35,35,35,45,45,47,46,46,25,42,39,42,0,41,42,42,42,42,42,42,8,8,8,47,47,57,42,69,77,62,6,100,100,140,134,118,126,119,58,74,57,63,35,38,50,179,57,70,58,66,57,57,39,43,0,39,43,50,47,43,38,57,38,57,57,57,64,60,0,66,63,276,58,58,65,57,61,58,51,54,57,66,64,64,43,64,64,66,64,64,66,71,58,63,37,52,33,27,39,68,47,360,353,353,353,1404,1103,1768,1752,1656,1720,1604,1254,1212,932,1558,1582]} 1. e4 c6 2. d4 d5 3. e5 Bf5 4. h4 h6 5. g4 Bd7 6. Nc3 {B12: Caro-Kann: Advance Variation} (6. f4 h5 7. g5 Bg4 8. Be2 Bxe2 9. Nxe2 e6 10. g6 fxg6 11. Be3 Nd7 12. Qd3 Ne7 13. Nd2 Qa5 14. a3 {0-1 (44) Corrales Jimenez,F (2563)-Wang,Y (2684) chess.com INT 2019}) 6... e6 7. Be3 c5 8. dxc5 {White is slightly better.} Qc7 9. f4 Bxc5 10. Bxc5 Qxc5 11. Qd2 Nc6 12. O-O-O O-O-O 13. Nf3 $146 ({Predecessor:} 13. Kb1 Nge7 {1-0 (34) Spyropoulos,N (2293)-Sotiropoulos,A (1834) Rio Achaea 2018}) 13... a6 14. Rh3 Nge7 15. Kb1 f6 16. Ne2 {[%cal Bc3e2,Be2f4,Bf4g6,Bg6e7][%mdl 32]} fxe5 17. Nxe5 Nxe5 18. fxe5 Nc6 19. Nf4 Rhf8 (19... Nxe5 $6 20. Ng6 $1 $16 {[%mdl 512]} (20. Rc3 Nc4 $11)) 20. Rc3 Qa7 21. g5 hxg5 22. hxg5 Rf5 $2 (22... Kb8 $11) 23. Bh3 $36 {[%mdl 2048] Keeping Black busy.} Rxe5 24. Ng6 Re4 25. Bg2 $1 {[%cal Rg2e4]} Ra4 26. b3 Qb6 27. Bxd5 $1 exd5 28. Ne7+ $1 {[%mdl 64] Double Attack} Kb8 29. Qh2+ $2 ({White has to play} 29. Nxd5 $18 Qb5 30. Qh2+ Ka7 31. Qf2+ Kb8 32. Qg3+ (32. Nb6 Rd4 $15) 32... Ka7 33. Qe3+ Kb8 34. Nb6) 29... Ka7 $11 30. Nxd5 Rd4 31. Nxb6 Rxd1+ 32. Kb2 Kxb6 33. Qf2+ Kc7 ({Don't blunder} 33... Rd4 $2 34. Rd3 $18) 34. Qf7 Re8 35. Qxg7 Re6 36. a4 b5 37. axb5 axb5 38. g6 Rdd6 39. Rg3 Ne5 {[%cal Re5g6]} 40. Rg5 Nxg6 41. Rxb5 $1 Ne7 42. Qc3+ {[%mdl 1024] White has compensation.} Nc6 43. Qc5 Rd2 44. Qb6+ Kd6 $1 45. Qc5+ Kc7 46. Rb4 Re5 47. Qb6+ Kd6 {Threatens to win with ...Be6.} 48. Rc4 Rdd5 49. Rh4 Rh5 50. Ra4 Rc5 51. Ra7 Ke7 52. Rc7 Kd6 {next ...Rb5! is good for Black.} 53. Rb7 $1 {Qc7+ is the strong threat.} Ke6 54. Qc7 (54. b4 $14 Rb5 55. Qxb5 Rxb5 56. Rxb5) 54... Rhd5 (54... Ne5 $1 $11 {keeps the balance.} 55. Rb6+ (55. Qxc5 Nd3+ {[%mdl 64] Discovered Attack} 56. cxd3 Rxc5 $11) (55. Qd8 Rh2 $11) 55... Rc6) 55. Qf4 Ne5 56. Qh6+ Ke7 57. c4 Rd6 58. Qg7+ (58. Qh4+ $16 Rf6 59. Qd4) 58... Nf7 $14 59. Qg3 Re5 60. Ka3 Ra6+ 61. Kb4 {aiming for Qh4+.} Rd6 {[#]} (61... Rf5 $14) 62. Qh4+ ({White must play} 62. c5 $1 $18 {[%cal Rc5d6]} Rd4+ 63. Ka3) 62... Rg5 63. Qf4 Ke8 64. Rb8+ Ke7 65. Qh4 Rh6 66. Qf4 {Hoping for Rb7.} Rf6 67. Qe4+ Re6 68. Qh7 Rh6 69. Qc2 Re6 70. Qc1 Ree5 71. Qd2 Re6 {[#]} 72. Rb7 $1 {[%mdl 512]} Rd6 73. Qf4 {Strongly threatening c5.} Ke8 $1 74. Kc3 Rgg6 $2 (74... Rf5 $14 75. Qe4+ Re5 76. Rb8+ Ke7 77. Qh4+ Rg5) 75. Qe4+ $2 (75. Rxd7 $18 Rxd7 76. Qe4+ {[%mdl 64] Double Attack} Ne5 77. Qxe5+ Re7 78. Qb5+ Kf7 79. Qd5+ Ke8 80. Qb5+ Kf7 81. Qf5+ Rf6 82. Qh5+ Kg7 83. b4) 75... Rde6 76. Rb8+ Ke7 $1 77. Qh4+ Rgf6 78. Kb4 Nd8 {And now ...Nc6+ would win.} 79. Ka3 Ra6+ 80. Kb2 Rae6 81. Ra8 Re2+ 82. Ka3 {Black must now prevent Rxd8!} Ree6 83. Qg5 Nf7 84. Qc5+ Rd6 85. Ra7 Ke8 86. Rb7 Rf5 87. Qg1 Ra6+ 88. Kb4 Rg5 89. Qh2 Ke7 $2 {[%mdl 8192] [#]} (89... Rf5 $14) 90. Qf4 $1 $18 Rd6 91. c5 Rdd5 $2 (91... Rd1 92. c6 {[%mdl 64] Pin} Rgd5) 92. c6 $1 {[%cal Rc6d7][%mdl 64] Pin. White is clearly winning.} Rb5+ 93. Rxb5 Rg4 94. Qxg4 $1 Bxg4 95. Rb7+ Ke6 96. Kc5 Ne5 97. Rb8 {Accuracy: White = 53%, Black = 50%.} 1-0

[Event "26th Abu Dhabi Master 2019"]
[Site "Abu Dhabi"]
[Date "2019.08.05"]
[Round "5.24"]
[White "Iniyan, P."]
[Black "Assaubayeva, Bibisara"]
[Result "0-1"]
[WhiteElo "2524"]
[BlackElo "2375"]
[Annotator "TA"]
[PlyCount "126"]
[EventDate "2019.08.02"]
[EventType "swiss"]
[EventCountry "UAE"]
[SourceTitle "playchess.com"]
[Source "ChessBase"]
[SourceQuality "1"]

{[%evp 17,126,0,0,0,0,0,0,0,93,76,83,91,93,87,87,94,86,85,85,85,105,99,97,43,75,46,108,101,95,97,95,108,94,61,68,68,77,71,54,58,104,103,116,82,75,75,77,71,84,2,50,0,40,24,30,0,0,-11,-13,-23,-23,-70,-69,-189,-193,-190,-208,-196,-166,-193,-163,-202,-192,-193,-168,-447,-433,-489,-493,-495,-502,-687,-603,-978,-935,-910,-904,-843,-772,-763,-607,-884,-794,-794,-606,-900,-835,-922,-964,-933,-872,-708,-597,-797,-506,-498,-498,-468,-468,-429,-410]} 1. d4 d5 2. c4 c6 3. Nf3 Nf6 4. Nc3 e6 5. Bg5 h6 6. Bh4 dxc4 7. e4 g5 8. Bg3 b5 {[%cal Bb7b5,Bb5b4][%mdl 32]} 9. Be2 b4 10. Na4 {D43: Semi-Slav: 5 Bg5 h6} Nxe4 11. Be5 Nf6 12. Nc5 {The position is equal.} Bxc5 (12... c3 $11 13. bxc3 bxc3) 13. dxc5 $16 Qxd1+ 14. Rxd1 Ke7 $146 ({Predecessor:} 14... Nbd7 15. Rxd7 Bxd7 16. Bxf6 Rg8 17. Ne5 {1-0 (17) Shulman,Y (2581)-Bisguier,A (2256) Ledyards 2006}) 15. Nd4 Bb7 16. Bxc4 Nbd7 17. Bd6+ {[%mdl 1024] White has strong compensation.} Kd8 18. f3 Ne8 19. Be5 $1 {[%cal Re5h8]} Rh7 20. Bg3 ({White should try} 20. O-O $16) 20... Ke7 21. h4 {Strongly threatening hxg5.} gxh4 (21... g4 $14) 22. Bxh4+ Kf8 23. Nb3 Ne5 24. Be2 a5 {[%cal Ba7a5,Ba5a4][%mdl 32]} 25. Bd8 a4 26. Na5 Ba6 27. Bxa6 Rxa6 28. Rh4 f5 29. Rxb4 a3 30. bxa3 Rha7 31. Rb8 Kf7 32. f4 Ng6 33. g3 (33. Bb6 $16 Rxa5 34. Bxa5 Rxa5 35. Rd7+ Kf8 36. Rdd8) 33... Nf6 34. Nb7 {And now Bb6 would win.} Nd5 {[#]} 35. Bb6 $1 {[%mdl 512]} Ra8 (35... Nxb6 36. cxb6) 36. Nd6+ Kf6 37. Rb7 {[%csl Gd6][%cal Rb7f7]} Nge7 $36 {[%mdl 2048] Black fights for an advantage.} 38. Nc4 Ra4 39. Rc1 h5 40. Rd7 {[#]} ({Better is} 40. Bc7 $1 $15) 40... h4 $1 $19 41. gxh4 Rg8 {Threatens to win with ...Rg1+.} 42. Ra7 Rxa7 43. Bxa7 Nxf4 {White must now prevent ...Nd3+.} 44. Rc3 {[#]} e5 $1 45. Rb3 e4 46. a4 $2 (46. Bb8 {was worth a try.} Nd3+ 47. Kf1) 46... Rg1+ {Black is clearly winning.} 47. Kd2 Rg2+ 48. Kd1 Nd3 49. a5 Nd5 {...f4 is the strong threat.} 50. Bb6 f4 51. Bd8+ {[#]} Kf5 $1 {[%mdl 512] ( -> ...Ne3+)} 52. Bg5 Nxc5 53. Ra3 Rg1+ 54. Ke2 {If only White now had time for a6....} Rc1 55. Nd6+ Ke5 56. a6 f3+ 57. Kf2 Rc2+ 58. Kg1 Kxd6 59. a7 Rg2+ 60. Kf1 {[#]} e3 $1 {[%mdl 64] Deflection} 61. Bxe3 Nxe3+ 62. Rxe3 Rxa2 63. Rxf3 Rxa7 {Accuracy: White = 52%, Black = 66%.} 0-1

[Event "26th Abu Dhabi Master 2019"]
[Site "Abu Dhabi"]
[Date "2019.08.05"]
[Round "5.25"]
[White "Aronyak Ghosh"]
[Black "Bajarani, Ulvi"]
[Result "1/2-1/2"]
[WhiteElo "2349"]
[BlackElo "2485"]
[Annotator "TA"]
[PlyCount "175"]
[EventDate "2019.08.02"]
[EventType "swiss"]
[EventCountry "UAE"]
[SourceTitle "playchess.com"]
[Source "ChessBase"]
[SourceQuality "1"]

{[%evp 14,175,37,27,46,28,22,16,32,25,27,27,22,21,31,-20,-20,-27,0,-2,0,0,0,0,0,-21,37,-138,-144,-141,-151,-127,-141,-202,-197,-218,-213,-187,-141,-154,-149,-141,0,-60,-76,-69,31,63,47,45,72,72,83,25,6,11,120,114,140,110,110,112,113,116,109,111,59,65,93,0,0,0,0,0,0,0,0,0,0,0,0,0,0,0,0,0,15,0,0,0,0,0,0,0,0,0,2,0,0,0,0,0,0,2,64,64,64,64,64,64,64,64,64,0,64,64,64,64,64,64,64,64,64,64,64,64,64,64,64,0,64,0,64,0,64,0,0,0,64,0,64,64,64,0,64,0,64,64,64,0,64,64,64,64,64,64,64,0,64,64,64,64,64,0]} 1. c4 c6 2. Nf3 d5 3. e3 Nf6 4. Nc3 a6 5. Qc2 g6 6. d4 Bg7 7. Be2 O-O 8. O-O Bg4 {D10: Slav Defence: 3 cxd5 (without early Nf3) and 3 Nc3} 9. h3 Bxf3 10. Bxf3 dxc4 {The position is equal.} 11. b3 cxb3 12. Qxb3 Qc7 $146 ({Predecessor:} 12... Ra7 13. e4 b5 14. e5 Ne8 15. Be3 Rd7 16. Rfd1 {½-½ (26) Tkachiev,V (2672)-Rogozenco,D (2537) Breda 2001}) 13. Ba3 Re8 14. e4 (14. Rab1 $14) 14... e5 $1 $11 {[%cal Re5d4]} 15. dxe5 Qxe5 16. Qxb7 Nbd7 17. Rac1 Bh6 18. Rc2 Rab8 $36 {[%mdl 2048] Black has some pressure.} 19. Qxc6 {And now Bd6 would win.} (19. Qa7 {with more complications.} Ra8 20. Qb7) 19... Rec8 (19... Rbc8 $1 $11 20. Qa4 (20. Qd6 Qxd6 21. Bxd6 Nxe4 $15) 20... Rxc3) 20. Qxa6 $2 (20. Qd6 $14 {is the one way to stay ahead.}) 20... Rxc3 $17 21. Bd6 {[#]} Qxd6 $1 {[%mdl 512]} 22. Qxd6 Rxc2 23. Qa6 (23. a4 $17) 23... Kg7 $19 24. Bd1 Rd2 25. Bb3 Bf4 ({Don't do} 25... Nxe4 26. Qc4) 26. Qc4 Ne5 27. Qa4 Ned7 (27... Re2 $17 28. g3 Bd2) 28. Qc4 $1 $15 Rf8 $1 29. g3 Be5 (29... Bb8 $1 $15 30. Kh1 Ba7) 30. Rd1 $14 Rxd1+ 31. Bxd1 g5 32. Bb3 {[%mdl 1024] White has strong compensation.} Bb8 33. Qb5 (33. Kg2 $16) 33... h6 $1 $11 34. a4 {Black should prevent a5.} Ne5 (34... Re8 $11 {keeps the balance.}) 35. a5 $16 Bd6 36. a6 {a7 is the strong threat.} Rb8 {[#]} ({Wrong is} 36... Nxe4 $2 37. Qd5 $18) 37. Qa5 $1 {aiming for a7.} ({Of course not} 37. Qa4 Bc5 $11) 37... Rxb3 38. a7 Ra3 {[#]} 39. Qxa3 $1 {[%mdl 512]} Bxa3 40. a8=Q Bc5 41. Qa4 (41. Qa1 $16 Bd4 42. Qd1) 41... g4 $11 42. h4 Nf3+ 43. Kg2 Bd4 44. Qc6 Be5 45. Qc4 h5 46. Qa4 Bd4 47. Qc6 Ne5 48. Qa4 Bc3 49. Qc2 Ba1 50. Qd1 Bc3 51. Qc2 Bd4 52. Qa4 Bc5 53. Qc2 Nfd7 54. Qd2 {With the idea Qg5+.} Be7 $1 55. Qf4 Ng6 56. Qf5 Nde5 $1 57. Kf1 Kh6 58. Ke2 f6 (58... Kg7 $11) 59. Kf1 Nf3 60. Qe6 Kg7 61. Qd7 Nh2+ 62. Kg2 Nf3 63. Kf1 (63. Qc6 $14) 63... Nfe5 (63... Nh2+ $1 $11 64. Ke1 Nf3+ 65. Kf1) 64. Qf5 $14 Kh6 65. Ke2 Nc6 {Strongly threatening ...Nd4+.} 66. Qd7 Nd8 67. Kf1 Nf7 68. Qe6 Nd6 69. Qd5 Kg7 70. Kg2 Ne5 71. Kf1 (71. Qb3 $14) 71... Ndf7 (71... Ng6 $1 $11) 72. Kg2 (72. Qb5 $14) 72... Bd8 (72... Nd6 $1 $11) 73. Kf1 (73. Qc5 $14) 73... Bb6 (73... Be7 $1 $11) 74. Qb5 ({White should play} 74. Ke1 $14) 74... Bd4 $11 75. Qd5 Bb2 (75... Bb6 $11) 76. Qb3 (76. Ke2 $14) 76... Bc1 (76... Bd4 $11) 77. Qd1 Ba3 78. Qb3 (78. Ke2 $14) 78... Bd6 (78... Bc1 $1 $11) 79. Qd5 (79. Qe6 $14) 79... Bf8 ({Black should try} 79... Be7 $1 $11) 80. Kg2 Nd6 81. Kf1 (81. Qd4 $14) 81... Be7 (81... Ndf7 $1 $11) 82. Qe6 $14 Ng6 83. Kg2 Kf8 84. Qd5 Ne5 85. Kf1 ({Better is} 85. Qa8+ $14 Kg7 86. Kf1) 85... Ndc4 (85... Kg7 $11) 86. Qa8+ {White is slightly better.} Kg7 87. Qb7 Ng6 88. Qd5 {Accuracy: White = 53%, Black = 55%.} (88. Ke2 $14) 1/2-1/2

[Event "26th Abu Dhabi Master 2019"]
[Site "Abu Dhabi"]
[Date "2019.08.05"]
[Round "5.26"]
[White "Senthil Maran K"]
[Black "Kiriakov, Petr"]
[Result "1/2-1/2"]
[WhiteElo "2222"]
[BlackElo "2516"]
[Annotator "ChessBase"]
[PlyCount "39"]
[EventDate "2019.08.02"]
[EventType "swiss"]
[EventCountry "UAE"]
[SourceTitle "playchess.com"]
[Source "ChessBase"]
[SourceQuality "1"]
[TimeControl "5400+30"]

1. d4 {[%emt 0:05:00]} e6 {[%emt 0:00:00]} 2. g3 {[%emt 0:00:08]} c5 {[%emt 0:02:53]} 3. Nf3 {[%emt 0:05:49]} Nc6 {[%emt 0:02:54]} 4. Bg2 {[%emt 0:01:40]} cxd4 {[%emt 0:05:28]} 5. Nxd4 {[%emt 0:02:13]} Qb6 {[%emt 0:00:12]} 6. Nb3 {[%emt 0:01:51]} d5 {[%emt 0:01:20]} 7. O-O {[%emt 0:00:31]} Nf6 {[%emt 0:00:32]} 8. Be3 {[%emt 0:11:19]} Qc7 {[%emt 0:11:41]} 9. Nc3 {[%emt 0:00:50]} Be7 {[%emt 0:03:23]} 10. Nb5 {[%emt 0:06:10]} Qd8 {[%emt 0:01:34]} 11. c4 {[%emt 0:02:15]} O-O {[%emt 0:05:16]} 12. Rc1 {[%emt 0:10:17]} a6 {[%emt 0:03:44]} 13. Nc3 {[%emt 0:02:31]} dxc4 {[%emt 0:01:19]} 14. Qxd8 {[%emt 0:03:50]} Rxd8 {[%emt 0:05:04]} 15. Nd2 {[%emt 0:00:37]} Ng4 {[%emt 0:01:34]} 16. Nxc4 {[%emt 0:03:22]} Nxe3 {[%emt 0:00:06]} 17. Nxe3 {[%emt 0:00:52]} Bd7 {[%emt 0:00:22]} 18. Nc4 {[%emt 0:01:01]} Be8 {[%emt 0:01:05]} 19. Nb6 {[%emt 0:07:51]} Rab8 {[%emt 0:00:31]} 20. e3 {[%emt 0:04:27]} 1/2-1/2

[Event "26th Abu Dhabi Master 2019"]
[Site "Abu Dhabi"]
[Date "2019.08.05"]
[Round "5.27"]
[White "Pranav, V."]
[Black "Kuybokarov, Temur"]
[Result "0-1"]
[WhiteElo "2316"]
[BlackElo "2511"]
[Annotator "RC"]
[PlyCount "138"]
[EventDate "2019.08.02"]
[EventType "swiss"]
[EventCountry "UAE"]
[TimeControl "5400+30"]

1. e4 {[%emt 0:00:00]} c5 {[%emt 0:00:17]} 2. Nf3 {[%emt 0:00:00]} d6 {[%emt 0:00:11]} 3. Bb5+ {[%emt 0:01:02]} Nd7 {[%emt 0:00:26]} 4. d4 {[%emt 0:00:20]} cxd4 {[%emt 0:00:10]} 5. Qxd4 {[%emt 0:00:06]} a6 {[%emt 0:00:22]} 6. Be2 {[%emt 0:01:14]} Ngf6 {[%emt 0:00:31]} 7. c4 {[%emt 0:00:17]} g6 {[%emt 0:00:46]} 8. Nc3 {[%emt 0:00:27]} Bg7 {[%emt 0:00:12]} 9. O-O {[%emt 0:00:18]} O-O {[%emt 0:00:16]} 10. h3 {[%emt 0:00:17]} b6 {[%emt 0:03:50]} 11. Qe3 {[%emt 0:04:50]} Bb7 {[%emt 0:01:15]} 12. Rd1 {[%emt 0:10:18]} Qc7 {[%emt 0:09:39]} 13. Rb1 {[%emt 0:04:35]} e6 {[%emt 0:10:41]} 14. b3 {[%emt 0:09:21]} Qc5 {[%emt 0:20:03]} 15. Qd3 {[%emt 0:08:24]} Qc6 {[%emt 0:05:15]} 16. Qxd6 {[%emt 0:08:07]} Qxd6 {[%emt 0:07:27]} 17. Rxd6 {[%emt 0:00:09]} Nxe4 {[%emt 0:02:54]} 18. Nxe4 {[%emt 0:00:21]} Bxe4 {[%emt 0:00:06]} 19. Bd3 {[%emt 0:00:05]} Bxd3 {[%emt 0:01:39]} 20. Rxd3 {[%emt 0:00:08]} Nc5 {[%emt 0:00:22]} 21. Rd6 {[%emt 0:00:30]} b5 {[%emt 0:02:32]} 22. Ba3 {[%emt 0:08:39]} Ne4 {[%emt 0:01:25]} 23. Rd7 {[%emt 0:01:50]} Rfb8 {[%emt 0:04:21]} 24. Re1 {[%emt 0:16:09]} Nc3 {[%emt 0:02:54]} 25. Ne5 {[%emt 0:04:04]} b4 {[%emt 0:02:26]} 26. Bc1 {[%emt 0:00:29]} Nxa2 {[%emt 0:03:28]} 27. Bf4 {[%emt 0:00:57]} Rf8 {[%emt 0:00:45]} 28. c5 {[%emt 0:02:03]} Nc3 {[%emt 0:03:22]} 29. Nc6 {[%emt 0:00:58]} a5 {[%emt 0:02:54]} 30. Ne7+ {[%emt 0:01:08]} Kh8 {[%emt 0:00:19]} 31. c6 {[%emt 0:00:48]} a4 {[%emt 0:02:21]} 32. bxa4 {[%emt 0:00:32]} Nxa4 {[%emt 0:04:07]} 33. Rb7 {[%emt 0:07:05]} Nc5 {[%emt 0:02:18]} 34. Rb1 {[%emt 0:00:08]} b3 {[%emt 0:01:52]} 35. Rb5 {[%emt 0:04:34]} b2 {[%emt 0:01:51]} 36. R5xb2 {[%emt 0:00:05]} Bxb2 {[%emt 0:00:08]} 37. Rxb2 {[%emt 0:00:02]} Nd3 {[%emt 0:00:24]} 38. Bg5 {[%emt 0:00:39]} f6 {[%emt 0:00:47]} 39. Rd2 {[%emt 0:00:42]} fxg5 {[%emt 0:00:09]} 40. Rxd3 {[%emt 0:00:04]} Ra7 {[%emt 0:00:37]} 41. Rd7 {[%emt 0:00:09]} Rxd7 {[%emt 0:00:12]} 42. cxd7 {[%emt 0:00:03]} Rd8 {[%emt 0:00:08]} 43. Nc6 {[%emt 0:00:02]} Rxd7 {[%emt 0:00:06]} 44. Ne5 {[%emt 0:00:02]} Rd5 {[%emt 0:00:25]} 45. Ng4 {[%emt 0:00:05]} Kg7 {[%emt 0:00:37]} 46. Ne3 {[%emt 0:00:17]} Rd2 {[%emt 0:00:37]} 47. Nc4 {[%emt 0:00:15]} Rc2 {[%emt 0:01:05]} 48. Nd6 {[%emt 0:00:35]} Kf6 {[%emt 0:00:20]} 49. g3 {[%emt 0:00:06]} Rc6 {[%emt 0:01:00]} 50. Ne4+ {[%emt 0:00:18]} Kf5 {[%emt 0:00:06]} 51. Nd2 {[%emt 0:00:02]} Rc2 {[%emt 0:00:32]} 52. Nf3 {[%emt 0:00:03]} e5 {[%emt 0:00:11]} 53. Nh2 {[%emt 0:00:55]} h5 {[%emt 0:00:29]} 54. Kg2 {[%emt 0:00:24]} e4 {[%emt 0:01:41]} 55. Nf1 {[%emt 0:01:04]} Re2 {[%emt 0:00:13]} 56. g4+ {[%emt 0:00:11]} Ke5 {[%emt 0:00:49]} 57. gxh5 {[%emt 0:01:52]} gxh5 {[%emt 0:00:04]} 58. Ng3 {[%emt 0:00:06]} Ra2 {[%emt 0:00:08]} 59. Nf1 {[%emt 0:00:04]} Ra3 {[%emt 0:00:48]} 60. Nd2 {[%emt 0:00:50]} Rd3 {[%emt 0:00:10]} 61. Nf1 {[%emt 0:00:35]} Kf4 {[%emt 0:00:09]} 62. Kh2 {[%emt 0:00:16]} Kf3 {[%emt 0:00:29]} 63. Ng3 {[%emt 0:00:08]} Rd2 {[%emt 0:00:14]} 64. Kg1 {[%emt 0:00:11]} e3 {[%emt 0:00:07]} 65. Nf1 {[%emt 0:00:21]} Rxf2 {[%emt 0:00:10]} 66. Nh2+ {[%emt 0:00:11]} Rxh2 {[%emt 0:00:08]} 67. Kxh2 {[%emt 0:00:03]} e2 {[%emt 0:00:06]} 68. h4 {[%emt 0:00:05]} e1=Q {[%emt 0:00:14]} 69. Kh3 {[%emt 0:00:05]} Qxh4# {[%emt 0:00:17]} 0-1